Pharmacognosy and Phytochemistry (Record no. 10441)

MARC details
000 -LEADER
fixed length control field 00379nam a22001577a 4500
003 - CONTROL NUMBER IDENTIFIER
control field OSt
008 - FIXED-LENGTH DATA ELEMENTS--GENERAL INFORMATION
fixed length control field 210210b ||||| |||| 00| 0 eng d
020 ## - INTERNATIONAL STANDARD BOOK NUMBER
International Standard Book Number 9788193891247
100 ## - MAIN ENTRY--PERSONAL NAME
Personal name Malik,Jai
245 ## - TITLE STATEMENT
Title Pharmacognosy and Phytochemistry
250 ## - EDITION STATEMENT
Edition statement 1st
260 ## - PUBLICATION, DISTRIBUTION, ETC. (IMPRINT)
Place of publication, distribution, etc New Delhi
Name of publisher, distributor, etc Paging Publishers
Date of publication, distribution, etc 2019
300 ## - PHYSICAL DESCRIPTION
Extent 382
650 ## - SUBJECT ADDED ENTRY--TOPICAL TERM
Topical term or geographic name as entry element Pharmacognosy
942 ## - ADDED ENTRY ELEMENTS (KOHA)
Source of classification or shelving scheme Dewey Decimal Classification
Koha item type Text Books
942 ## - ADDED ENTRY ELEMENTS (KOHA)
-- 10
Holdings
Withdrawn status Lost status Source of classification or shelving scheme Damaged status Not for loan Collection code Home library Current library Date acquired Source of acquisition Currency Cost, normal purchase price Bill Number Total Checkouts Full call number Acc. no. / Barcode Date last seen Date last borrowed Actual Cost, discounted price Bill Date Koha item type Checked out
    Dewey Decimal Classification     B.Pharma PIET C-LIBRARY PIET C-LIBRARY 16/02/2021 Kirti Praskshan IN Rupees 565.00 IN1511 5 615.321 MAP BP1605 10/10/2025 26/09/2025 395.50 16/02/2021 Text Books  
    Dewey Decimal Classification     B.Pharma PIET C-LIBRARY PIET C-LIBRARY 16/02/2021 Kirti Praskshan IN Rupees 565.00 IN1511 6 615.321 MAP BP1606 31/10/2025 17/10/2025 395.50 16/02/2021 Text Books  
    Dewey Decimal Classification     B.Pharma PIET C-LIBRARY PIET C-LIBRARY 16/02/2021 Kirti Praskshan IN Rupees 565.00 IN1511   615.321 MAP BP1607 10/02/2021   395.50 16/02/2021 Reference Books  
    Dewey Decimal Classification     B.Pharma PIET C-LIBRARY PIET C-LIBRARY 16/02/2021 Kirti Praskshan IN Rupees 565.00 IN1511 3 615.321 MAP BP1608 26/05/2026 26/05/2026 395.50 16/02/2021 Text Books 09/06/2026
    Dewey Decimal Classification     B.Pharma PIET C-LIBRARY PIET C-LIBRARY 16/02/2021 Kirti Praskshan IN Rupees 565.00 IN1511 6 615.321 MAP BP1609 22/04/2026 09/04/2026 395.50 16/02/2021 Text Books  

Design & Developed by: PIET Central Library
R70 Miles Stone Pattikalyana Samalkha Panipat 132102
mail ID :- [email protected], Phone No:- 0180-2569700 Ex.216